000 00471nam a2200205Ia 4500
005 20251020182444.0
008 200515s9999 xx 000 0 und d
082 _a534(85)/C14
100 _aCáceres Graziani, Luis F.
245 0 _aEl gas natural
260 _aLima
260 _bGrupo S.R.L.
260 _c1998
300 _a105 p.
300 _bil., tbl., graf., fot., col.
500 _a1 ejemplar
650 _aGAS NATURAL
942 _cLIB
999 _c632
_d632